| 000 | 003980000a22001450004500 | ||
|---|---|---|---|
| 060 | _a100 | ||
| 082 | _a581.954 482 FYS .01 | ||
| 100 | _aFyson, P P | ||
| 245 | _aFlora of the Nilgiri and pulney Hill tops V.1 | ||
| 260 | _aDelhi, M/s Bishen singh Mahendra pal singh and M/s Periodical experts | ||
| 260 | _c1915 | ||
| 300 | _a475 | ||
| 650 | _aFlora - Nilgiri pulney Hills tops | ||
| 942 | _cBK | ||
| 999 |
_c367034 _d367034 |
||